Statistics for Where in the body is this bone? (Click Quiz)

Click here to take the quiz!

General Stats

  • This quiz has been taken 86 times
  • The average score is 13 of 21

Answer Stats

HintAnswer% Correct
FemurLeg
90%
TailboneSpine
90%
Floating ribsChest
82%
False ribsChest
82%
SternumChest
80%
HumerusArm/hand
75%
AnvilEar
75%
TibiaLeg
75%
PatellaLeg
75%
RadiusArm/hand
72%
HammerEar
72%
MandibleFace
65%
StirrupEar
53%
Temporal boneSkull
52%
Frontal boneSkull
48%
Lacrimal boneFace
45%
Occipital boneSkull
42%
SacrumSpine
42%
TrapeziumArm/hand
30%
AtlasSpine
27%
VomerFace
25%

Score Distribution

Percentile by Number Answered

Percent of People with Each Score

Your Score History

You have not taken this quiz